| 000 | 00849nam a2200277 i 4500 | ||
|---|---|---|---|
| 001 | 000002196 | ||
| 003 | DO-SdBNP | ||
| 005 | 20251111082207.0 | ||
| 008 | 251111s1994 dr 001 0 spa d | ||
| 040 |
_aDO-SdBNP _bspa _cBNPHU _erda |
||
| 041 | _aspa | ||
| 082 | 4 |
_axxx _bD556e _222 |
|
| 100 | 1 |
_aDidiez Nadal, Nelson, _c1942- _eautor _97027 |
|
| 245 | 1 | 0 |
_aEstudio sobre la miseria, el social-monetarismo, la revolución sin sangre y el acceso al dinero para todos / _cNelson Didiez Nadal. |
| 264 |
_aSanto Domingo : _b[Editora desconocida], _c1994 |
||
| 300 |
_a276 páginas ; _c29 cm. |
||
| 336 |
_ardacontent _btexto _2txt |
||
| 337 |
_ardamedia _bsin mediación _2n |
||
| 338 |
_ardacarrier _bvolumen _2nc |
||
| 590 | _aInventariado, 2025/DG | ||
| 651 | _97028 | ||
| 651 | _92598 | ||
| 651 | _91166 | ||
| 910 | _aDG | ||
| 942 |
_2ddc _cLBS1 |
||
| 999 |
_c60025 _d60025 |
||